Viac ako s hráčmi sa trápia s financiami o situácii v rožňavskom futbale hovoríme s manažérom D. Pollákom

Bibliographic Details
Main Authors: Zagiba, Tomáš (Author, Interviewer), Pollák, Dušan (Author)
Format: Article
Language:Slovak
PhysicalDescription:Fotogr.
Subjects:

MARC

LEADER 00000nab a2200000 a 4500
001 vtls009937537
003 SK-MaSNL
005 20260303045032.0
008 090807c20090706xo mrzp 0 0slo
038 |a RVGKPD 
040 |a RVGKPD  |b slo  |c RVGKPD  |e AACR2 
041 |a slo 
044 |a xo  |c SK 
080 |a 796.332  |2 1997 
100 1 |a Zagiba, Tomáš  |4 aut  |4 ivr  |9 1034767 
245 1 0 |a Viac ako s hráčmi sa trápia s financiami  |b o situácii v rožňavskom futbale hovoríme s manažérom D. Pollákom  |c Tomáš Zagiba 
300 |b Fotogr. 
650 0 7 |a futbal  |2 rvgkpd  |9 3291 
651 7 |a Rožňava (Slovensko)  |2 rvgkpd  |9 17394 
655 7 |a rozhovory  |2 rvgkpd  |9 31831 
700 1 |a Pollák, Dušan  |4 aut  |4 ive  |9 1024484 
773 0 |t Rožňavské listy = Rozsnyói Lapok  |g Roč. III, č. 6 (6.7.2009), s. 5 
852 |a RVGKPD  |b KIS3G 
992 |a RBX 
999 |c 1702332  |d 1704262